000 01301cab a2200265 4500
001 ABS67429
008 040204n2004 000 0 eng u
035 _a(Sirsi) u125030
100 _aBolton, L.
245 _aSpecial reports: IAS 2005
260 _c2004
490 _aAccountancy
_v133(1325) January 2004, 55-62(7)
520 _aCoverage of the development of International Accounting Standards(IASs) now to be called International Financial Reporting Standards(IFRSs). The first article aims to raise conversion awareness for companies in the 12-month countdown to 2005, the date when all EU-listed firms must report their consolidated accounts using IASs/IFRSs. In the second article IASB chairman talks about the challenges of setting accounting standards globally. The final article sets out the implementation programme companies should be following in order to us IASs.
590 _aABS
650 _aINTERNATIONAL ACCOUNTING STANDARDS
650 _aINTERNATIONAL FINANCIAL REPORTING STANDARDS
650 _aINTERNATIONAL ACCOUNTING STANDARDS BOARD
650 _aCONVERSION
650 _aACCOUNTING STANDARDS
650 _aLISTED COMPANIES
690 _aMANAGEMENT-BUSINESS MANAGEMENT-FINANCIAL MANAGEMENT
700 _aHouse, J.
700 _aPowling, H.
942 _n0
999 _c74112
_d74112